Liedtext - Fahr mit mir (4x4) von Kraftklub - Statistiken

Allgemein
  • Dieses Quiz wurde 119 mal gespielt
  • Das Durchschnittsergebnis liegt bei 166 aus 240
Antwortstatistiken
--- % Korrekt
mir
99%
mit
99%
fahr
96%
im
91%
und
91%
Komm
90%
komm
90%
da
88%
Ich
88%
ich
88%
Das
84%
nicht
84%
wir
84%
Wir
84%
Wie
82%
wie
82%
die
81%
den
79%
der
79%
Es
79%
es
79%
in
79%
In
79%
Zu
79%
zu
79%
dir
78%
für
76%
Vier-mal-vier
76%
so
75%
wird
73%
dass
72%
ein
72%
kann
72%
keine
72%
Keine
72%
viel
72%
wieder
72%
diesem
70%
Leben
70%
leben
70%
mehr
70%
geh
69%
mich
69%
uns
69%
was
69%
wenn
69%
sie
66%
Sie
66%
über
66%
ziehen
64%
eine
63%
funktionieren
63%
sein
63%
hätte
61%
ist
61%
Heimat
60%
Spargelfelder
60%
vorüber
60%
Franz
58%
Heimatministerium
58%
tut
58%
dagegen
57%
einen
57%
Gesetze
57%
leid
57%
Streit
57%
Außer
55%
Josef
55%
klein
55%
Regeln
55%
sind
55%
Vergangenheit
55%
Wagner
55%
denen
54%
Etwas
54%
am
52%
bleiben
52%
geht
52%
stehen
52%
Kleingartenanlagen
51%
gut
49%
Wald-
49%
wehen
49%
Fahnen
48%
genauso
48%
haben
48%
Horizont
48%
steig
48%
Strafen
48%
Wiesen-Pionier
48%
Zeit
48%
fahren
46%
bauen
45%
immer
45%
noch
45%
spät
45%
bin
43%
Doch
43%
Gegend
43%
schon
43%
Unfall
43%
Weber-Grill
43%
kommt
42%
Müll
42%
Schau
42%
weiter
42%
beide
40%
Ehe
40%
gemäht
40%
getrennter
40%
Rasen
40%
beten
39%
gelaunt
39%
irgendwann
39%
Jahre
39%
treibt
39%
Weiß
39%
Blumenbeet
37%
Ewigkeiten
37%
wohin
37%
Tausendsechshundert
36%
Eile
34%
gespannt
34%
weil
34%
Zwölf
33%
Keine übereinstimmenden Quizze gefunden
Verteilung der Resultate
Anzahl Personen mit jedem Resultat
Perzentil nach korrekt beantworteten Fragen
Ihre Resultats-Entwicklung
Sie haben dieses Quiz noch nicht gespielt